| 000 | 00541nam a2200193Ia 4500 | ||
|---|---|---|---|
| 003 | OSt | ||
| 005 | 20241008130022.0 | ||
| 008 | 210210b1982 xxu||||| |||| 00| 0 eng d | ||
| 040 | _cAL | ||
| 041 | _aKannada | ||
| 082 | _aK894.3 RAMC | ||
| 100 |
_aRAMARAV (T K). _939262 _d ರಾಮರಾವ್ (ಟಿ ಕೆ) |
||
| 245 |
_aChukkeya parivala _bಚುಕ್ಕೆಯ ಪಾರಿವಾಳ |
||
| 260 |
_aBengaluru _bDarshana Prakashana _c1982 |
||
| 300 | _a127 | ||
| 690 |
_aKannada Fiction _939263 |
||
| 906 | _a036274 | ||
| 942 |
_2ddc _cBK |
||
| 999 |
_c87142 _d87142 |
||